000 00593nam a22002057a 4500
003 URS
005 20220114171929.0
008 180521b xxu||||| |||| 00| 0 eng d
020 _a818574999X
050 0 0 _aHD 62.15
_bA769
100 1 _aArora, K.C.,
_d2006-
_eauthor
245 1 0 _aTotal quality management :
_cK.C. Arora.
264 1 _aNew Delhi :
_bS.K. Kataria and Sons,
_c©2006.
300 _a1316 pages :
_billustration ;
_c24 cm
336 _2rdacontent
_atext
336 _2rdacontent
_astill image
337 _2rdamedia
_aunmediated
338 _2rdacarrier
_avolume
942 _2lcc
_cFR
999 _c15203
_d15203